000 00424nam a2200181Ia 4500
005 20240823062928.0
008 240823s9999||||xx |||||||||||||| ||und||
041 _aENGLISH
082 _A305.90812 N3
100 _aJussawalla J M
245 4 _aThe Art of Healthy Living
250 _a1st
260 _c1993
_b"Vikas,New Delhi"
500 _aTransfered
650 _aGeneral
_bGeneral
942 _cBK
999 _c237048
_d237048